Providing for consideration of the bill (H.R. 2406) to protect and enhance opportunities for recreational hunting, fishing, and shooting, and for other purposes : report (to accompany H. Res. 619).
| Corporate Author: | |
|---|---|
| Format: | Government Document eBook |
| Language: | English |
| Published: |
[Washington, D.C.] :
[U.S. Government Publishing Office],
[2016]
|
| Series: | Report / 114th Congress, 2d session, House of Representatives ;
114-429 |
| Subjects: | |
| Online Access: | PDF version: Text version: PDF version: Text version: |
MARC
| Tag | First Indicator | Second Indicator | Subfields |
|---|---|---|---|
| LEADER | 00000cam a2200000 i 4500 | ||
| 001 | in00003783821 | ||
| 005 | 20210430154826.0 | ||
| 006 | m o d f | ||
| 007 | cr b|||||m|||| | ||
| 008 | 160229s2016 dcu o f000 0 eng c | ||
| 035 | |a (OCoLC)ocn941825069 | ||
| 042 | |a pcc | ||
| 043 | |a n-us--- | ||
| 040 | |a GPO |b eng |e rda |e pn |c GPO |d STF |d GPO |d COO |d OCLCO |d OCLCF |d GPO |d MvI | ||
| 049 | |a WWW | ||
| 050 | 1 | 4 | |a KF32 |b .R8 2016i |
| 074 | |a 1008-I (online) | ||
| 086 | 0 | |a Y 1.1/8:114-429 | |
| 110 | 1 | |a United States. |b Congress. |b House. |b Committee on Rules, |e author. | |
| 245 | 1 | 0 | |a Providing for consideration of the bill (H.R. 2406) to protect and enhance opportunities for recreational hunting, fishing, and shooting, and for other purposes : |b report (to accompany H. Res. 619). |
| 264 | 1 | |a [Washington, D.C.] : |b [U.S. Government Publishing Office], |c [2016] | |
| 300 | |a 1 online resource (16 pages). | ||
| 336 | |a text |b txt |2 rdacontent | ||
| 337 | |a computer |b c |2 rdamedia | ||
| 338 | |a online resource |b cr |2 rdacarrier | ||
| 490 | 1 | |a Report / 114th Congress, 2d session, House of Representatives ; |v 114-429 | |
| 500 | |a Title from title screen (viewed on Feb. 29, 2016). | ||
| 500 | |a "February 23, 2016." | ||
| 610 | 1 | 0 | |a United States. |b Congress. |b House |x Rules and practice. |
| 610 | 1 | 7 | |a United States. |b Congress. |b House. |2 fast |0 (OCoLC)fst00536930 |
| 655 | 7 | |a Legislative materials. |2 lcgft | |
| 655 | 7 | |a Legislative materials. |2 fast |0 (OCoLC)fst01774285 | |
| 655 | 7 | |a Rules. |2 fast |0 (OCoLC)fst01423857 | |
| 776 | 0 | 8 | |i Print version: |a United States. Congress. House. Committee on Rules. |t Providing for consideration of the bill (H.R. 2406) to protect and enhance opportunities for recreational hunting, fishing, and shooting, and for other purposes |w (OCoLC)944135833 |
| 776 | 0 | 8 | |i Microfiche version: |a United States. Congress. House. Committee on Rules. |t Providing for consideration of the bill (H.R. 2406) to protect and enhance opportunities for recreational hunting, fishing, and shooting, and for other purposes |w (OCoLC)957003433 |
| 810 | 1 | |a United States. |b Congress. |b House. |t Report ; |v 114-429. | |
| 856 | 4 | 0 | |3 PDF version: |u https://purl.fdlp.gov/GPO/gpo65706 |t 0 |
| 856 | 4 | 0 | |3 Text version: |u https://purl.fdlp.gov/GPO/gpo65707 |t 0 |
| 856 | 4 | 0 | |3 PDF version: |u http://purl.fdlp.gov/GPO/gpo65706 |t 0 |
| 856 | 4 | 0 | |3 Text version: |u http://purl.fdlp.gov/GPO/gpo65707 |t 0 |
| 999 | f | f | |s 965b0e60-441e-3485-96e3-da1f7ecf6b1f |i 57f1db48-a24e-38b3-aa55-89557598cc62 |t 0 |
| 952 | f | f | |a Texas A&M University |b College Station |c Electronic Resources |d Available Online |t 0 |e Y 1.1/8:114-429 |h Superintendent of Documents classification |
| 998 | f | f | |a Y 1.1/8:114-429 |t 0 |l Available Online |